| 000 | 00500nam a22001817a 4500 | ||
|---|---|---|---|
| 003 | OSt | ||
| 005 | 20180116183047.0 | ||
| 008 | 160722b xxu||||| |||| 00| 0 eng d | ||
| 020 | _a9694610648 | ||
| 040 | _c0 | ||
| 082 | _a330.07205491 NAQ 1994 | ||
| 100 | _aSyed Nawab Haider Naqvi | ||
| 245 |
_aPide's Research Programme For 1993-96 _cSyed Nawab Haider Naqvi |
||
| 260 |
_aIslamabad _bPIDE _c1994 |
||
| 300 |
_a282 p. _bHB |
||
| 440 | _aPide's Research Programme For 1993-96 | ||
| 942 |
_2ddc _cBK |
||
| 999 |
_c351481 _d351481 |
||